000 00303nam a2200109Ia 4500
008 160531s9999 xx 000 0 und d
100 _aMacken, John A.
245 4 _aThe Universe is Only Spacetime
245 _cby John A. Macken
260 _c2012
856 _uhttp://onlyspacetime.com/OnlySpacetime.pdf
999 _c295208
_d295208